Online Catalogue and eLibrary

Charithra warithra chakraya (Record no. 5068)

MARC details
000 -LEADER
fixed length control field 00372nam a2200145Ia 4500
005 - DATE AND TIME OF LATEST TRANSACTION
control field 20250702023812.0
008 - FIXED-LENGTH DATA ELEMENTS--GENERAL INFORMATION
fixed length control field 240331s9999 xx 000 0 und d
082 ## - DDC Classification
Item Number - Author Mark PAN
Class No. 392
100 ## - MAIN ENTRY--PERSONAL NAME
Personal name Pannyathissa thera Balummahara
245 #0 - TITLE STATEMENT
Title Charithra warithra chakraya
260 ## - PUBLICATION, DISTRIBUTION, ETC.
Place of publication, distribution, etc. Colombo
Name of publisher, distributor, etc. Yama Vardhana
Date of publication, distribution, etc. 1992
300 ## - PHYSICAL DESCRIPTION
Extent (e.g. Volumes, Pages etc.) 183 p .,
500 ## - GENERAL NOTE
General note The ritual cycle
942 ## - Koha item type (Biblio)
Koha item type Books in Stacks (Lending)
Holdings
Lost status Damaged status Collection code Home library Current library Shelving location Date acquired Full call number Accession Number Item type
    Lending WERC Library WERC Library Social Science Cupboard 03/31/2024 392 PAN 3778 Books in Stacks (Lending)

© WERC Library